<?xml version="1.0" encoding="UTF-8"?>
<record
    xmlns:xsi="http://www.w3.org/2001/XMLSchema-instance"
    xsi:schemaLocation="http://www.loc.gov/MARC21/slim http://www.loc.gov/standards/marcxml/schema/MARC21slim.xsd"
    xmlns="http://www.loc.gov/MARC21/slim">

  <leader>02294nam0a22003611  4500</leader>
  <controlfield tag="001">rc\3963116</controlfield>
  <controlfield tag="005">20260406095515.0</controlfield>
  <datafield tag="021" ind1=" " ind2=" ">
    <subfield code="a">RU</subfield>
    <subfield code="b">[56-3493]</subfield>
  </datafield>
  <datafield tag="035" ind1=" " ind2=" ">
    <subfield code="a">(NLR Aleph) 008051304</subfield>
  </datafield>
  <datafield tag="090" ind1=" " ind2=" ">
    <subfield code="a">8943407</subfield>
    <subfield code="c">8943407</subfield>
  </datafield>
  <datafield tag="100" ind1=" " ind2=" ">
    <subfield code="a">20130415d1956    u  y0rusy50      ca</subfield>
  </datafield>
  <datafield tag="101" ind1="0" ind2=" ">
    <subfield code="a">rus</subfield>
  </datafield>
  <datafield tag="102" ind1=" " ind2=" ">
    <subfield code="a">RU</subfield>
  </datafield>
  <datafield tag="105" ind1=" " ind2=" ">
    <subfield code="a">a   z   |||||</subfield>
  </datafield>
  <datafield tag="200" ind1="1" ind2=" ">
    <subfield code="a">&#x418;&#x437;&#x431;&#x440;&#x430;&#x43D;&#x43D;&#x44B;&#x435; &#x442;&#x440;&#x443;&#x434;&#x44B; &#x43F;&#x43E; &#x44D;&#x43B;&#x435;&#x43A;&#x442;&#x440;&#x438;&#x447;&#x435;&#x441;&#x442;&#x432;&#x443;</subfield>
    <subfield code="f">&#x41F;&#x43E;&#x434; &#x440;&#x435;&#x434;., [&#x441; &#x43F;&#x440;&#x435;&#x434;&#x438;&#x441;&#x43B;.] &#x438; &#x441; &#x43F;&#x440;&#x438;&#x43C;&#x435;&#x447;. &#x43F;&#x440;&#x43E;&#x444;. &#x41B;.&#x414;. &#x411;&#x435;&#x43B;&#x44C;&#x43A;&#x438;&#x43D;&#x434;&#x430;</subfield>
  </datafield>
  <datafield tag="210" ind1=" " ind2=" ">
    <subfield code="a">&#x41C;&#x43E;&#x441;&#x43A;&#x432;&#x430;</subfield>
    <subfield code="c">&#x413;&#x43E;&#x441;&#x442;&#x435;&#x445;&#x438;&#x437;&#x434;&#x430;&#x442;</subfield>
    <subfield code="d">1956</subfield>
  </datafield>
  <datafield tag="215" ind1=" " ind2=" ">
    <subfield code="a">299 &#x441;.</subfield>
    <subfield code="c">&#x438;&#x43B;.</subfield>
    <subfield code="d">20</subfield>
  </datafield>
  <datafield tag="225" ind1="1" ind2=" ">
    <subfield code="a">&#x411;&#x438;&#x431;&#x43B;&#x438;&#x43E;&#x442;&#x435;&#x43A;&#x430; &#x440;&#x443;&#x441;&#x441;&#x43A;&#x43E;&#x439; &#x43D;&#x430;&#x443;&#x43A;&#x438;</subfield>
    <subfield code="i">&#x41C;&#x430;&#x442;&#x435;&#x43C;&#x430;&#x442;&#x438;&#x43A;&#x430;. &#x41C;&#x435;&#x445;&#x430;&#x43D;&#x438;&#x43A;&#x430;. &#x424;&#x438;&#x437;&#x438;&#x43A;&#x430;. &#x410;&#x441;&#x442;&#x440;&#x43E;&#x43D;&#x43E;&#x43C;&#x438;&#x44F;</subfield>
  </datafield>
  <datafield tag="300" ind1=" " ind2=" ">
    <subfield code="a">&#x41F;&#x435;&#x440;&#x435;&#x434; &#x437;&#x430;&#x433;&#x43B;. &#x430;&#x432;&#x442;.: &#x412;.&#x412;. &#x41F;&#x435;&#x442;&#x440;&#x43E;&#x432;, &#x422;. &#x413;&#x440;&#x43E;&#x442;&#x442;&#x433;&#x443;&#x441;, &#x424;.&#x424;. &#x420;&#x435;&#x439;&#x441; &#x438; &#x434;&#x440;.</subfield>
  </datafield>
  <datafield tag="327" ind1="0" ind2=" ">
    <subfield code="a">&#x412; &#x43F;&#x440;&#x438;&#x43B;.: &#x416;&#x438;&#x437;&#x43D;&#x44C; &#x438; &#x442;&#x432;&#x43E;&#x440;&#x447;&#x435;&#x441;&#x442;&#x432;&#x43E; &#x412;.&#x412;. &#x41F;&#x435;&#x442;&#x440;&#x43E;&#x432;&#x430; / &#x410;.&#x410;. &#x415;&#x43B;&#x438;&#x441;&#x435;&#x435;&#x432;. &#x422;&#x440;&#x443;&#x434;&#x44B; &#x432; &#x43E;&#x431;&#x43B;&#x430;&#x441;&#x442;&#x438; &#x44D;&#x43B;&#x435;&#x43A;&#x442;&#x440;&#x438;&#x447;&#x435;&#x441;&#x442;&#x432;&#x430; &#x412;.&#x412;. &#x41F;&#x435;&#x442;&#x440;&#x43E;&#x432;&#x430;, &#x435;&#x433;&#x43E; &#x443;&#x447;&#x435;&#x43D;&#x438;&#x43A;&#x43E;&#x432; &#x438; &#x441;&#x43E;&#x432;&#x440;&#x435;&#x43C;&#x435;&#x43D;&#x43D;&#x438;&#x43A;&#x43E;&#x432; &#x432; &#x420;&#x43E;&#x441;&#x441;&#x438;&#x438; / &#x42F;.&#x410;. &#x428;&#x43D;&#x435;&#x439;&#x431;&#x435;&#x440;&#x433;</subfield>
  </datafield>
  <datafield tag="464" ind1=" " ind2="0">
    <subfield code="1">2001#$a&#x416;&#x438;&#x437;&#x43D;&#x44C; &#x438; &#x442;&#x432;&#x43E;&#x440;&#x447;&#x435;&#x441;&#x442;&#x432;&#x43E; &#x412;.&#x412;. &#x41F;&#x435;&#x442;&#x440;&#x43E;&#x432;&#x430;</subfield>
    <subfield code="1">700#1$a&#x415;&#x43B;&#x438;&#x441;&#x435;&#x435;&#x432;$b&#x410;.&#x410;.</subfield>
    <subfield code="t">&#x416;&#x438;&#x437;&#x43D;&#x44C; &#x438; &#x442;&#x432;&#x43E;&#x440;&#x447;&#x435;&#x441;&#x442;&#x432;&#x43E; &#x412;.&#x412;. &#x41F;&#x435;&#x442;&#x440;&#x43E;&#x432;&#x430;</subfield>
    <subfield code="a">&#x415;&#x43B;&#x438;&#x441;&#x435;&#x435;&#x432;, &#x410;.&#x410;.</subfield>
  </datafield>
  <datafield tag="464" ind1=" " ind2="0">
    <subfield code="1">2001#$a&#x422;&#x440;&#x443;&#x434;&#x44B; &#x432; &#x43E;&#x431;&#x43B;&#x430;&#x441;&#x442;&#x438; &#x44D;&#x43B;&#x435;&#x43A;&#x442;&#x440;&#x438;&#x447;&#x435;&#x441;&#x442;&#x432;&#x430; &#x412;.&#x412;. &#x41F;&#x435;&#x442;&#x440;&#x43E;&#x432;&#x430;, &#x435;&#x433;&#x43E; &#x443;&#x447;&#x435;&#x43D;&#x438;&#x43A;&#x43E;&#x432; &#x438; &#x441;&#x43E;&#x432;&#x440;&#x435;&#x43C;&#x435;&#x43D;&#x43D;&#x438;&#x43A;&#x43E;&#x432; &#x432; &#x420;&#x43E;&#x441;&#x441;&#x438;&#x438;</subfield>
    <subfield code="1">700#1$a&#x428;&#x43D;&#x435;&#x439;&#x431;&#x435;&#x440;&#x433;$b&#x42F;.&#x410;.</subfield>
    <subfield code="t">&#x422;&#x440;&#x443;&#x434;&#x44B; &#x432; &#x43E;&#x431;&#x43B;&#x430;&#x441;&#x442;&#x438; &#x44D;&#x43B;&#x435;&#x43A;&#x442;&#x440;&#x438;&#x447;&#x435;&#x441;&#x442;&#x432;&#x430; &#x412;.&#x412;. &#x41F;&#x435;&#x442;&#x440;&#x43E;&#x432;&#x430;, &#x435;&#x433;&#x43E; &#x443;&#x447;&#x435;&#x43D;&#x438;&#x43A;&#x43E;&#x432; &#x438; &#x441;&#x43E;&#x432;&#x440;&#x435;&#x43C;&#x435;&#x43D;&#x43D;&#x438;&#x43A;&#x43E;&#x432; &#x432; &#x420;&#x43E;&#x441;&#x441;&#x438;&#x438;</subfield>
    <subfield code="a">&#x428;&#x43D;&#x435;&#x439;&#x431;&#x435;&#x440;&#x433;, &#x42F;.&#x410;.</subfield>
  </datafield>
  <datafield tag="606" ind1=" " ind2=" ">
    <subfield code="a">&#x42D;&#x43B;&#x435;&#x43A;&#x442;&#x440;&#x438;&#x447;&#x435;&#x441;&#x442;&#x432;&#x43E;</subfield>
    <subfield code="j">&#x421;&#x431;&#x43E;&#x440;&#x43D;&#x438;&#x43A;&#x438;</subfield>
    <subfield code="2">psbo</subfield>
  </datafield>
  <datafield tag="701" ind1=" " ind2="1">
    <subfield code="7">ca</subfield>
    <subfield code="8">rus</subfield>
    <subfield code="a">&#x420;&#x435;&#x439;&#x441;&#x441;</subfield>
    <subfield code="b">&#x424;. &#x424;.</subfield>
    <subfield code="f">1778-1852</subfield>
    <subfield code="g">&#x424;&#x435;&#x440;&#x434;&#x438;&#x43D;&#x430;&#x43D;&#x434; &#x424;&#x440;&#x438;&#x434;&#x440;&#x438;&#x445;</subfield>
    <subfield code="3">RU\NLR\AUTH\770287914</subfield>
    <subfield code="9">2690496</subfield>
  </datafield>
  <datafield tag="701" ind1=" " ind2="1">
    <subfield code="a">&#x413;&#x440;&#x43E;&#x442;&#x442;&#x433;&#x443;&#x441;</subfield>
    <subfield code="b">&#x422;.</subfield>
  </datafield>
  <datafield tag="701" ind1=" " ind2="1">
    <subfield code="7">ca</subfield>
    <subfield code="8">rus</subfield>
    <subfield code="a">&#x41F;&#x435;&#x442;&#x440;&#x43E;&#x432;</subfield>
    <subfield code="b">&#x412;. &#x412;.</subfield>
    <subfield code="c">&#x444;&#x438;&#x437;&#x438;&#x43A;</subfield>
    <subfield code="f">1761-1834</subfield>
    <subfield code="g">&#x412;&#x430;&#x441;&#x438;&#x43B;&#x438;&#x439; &#x412;&#x43B;&#x430;&#x434;&#x438;&#x43C;&#x438;&#x440;&#x43E;&#x432;&#x438;&#x447;</subfield>
    <subfield code="9">209373</subfield>
    <subfield code="3">RU\NLR\AUTH\770209427</subfield>
  </datafield>
  <datafield tag="702" ind1=" " ind2="1">
    <subfield code="a">&#x411;&#x435;&#x43B;&#x44C;&#x43A;&#x438;&#x43D;&#x434;</subfield>
    <subfield code="b">&#x41B;.&#x414;.</subfield>
    <subfield code="g">&#x41B;&#x435;&#x432; &#x414;&#x430;&#x432;&#x438;&#x434;&#x43E;&#x432;&#x438;&#x447;</subfield>
    <subfield code="4">340</subfield>
    <subfield code="4">212</subfield>
    <subfield code="4">080</subfield>
  </datafield>
  <datafield tag="801" ind1=" " ind2="0">
    <subfield code="a">RU</subfield>
    <subfield code="b">NLR</subfield>
    <subfield code="g">psbo</subfield>
  </datafield>
  <datafield tag="801" ind1=" " ind2="1">
    <subfield code="a">RU</subfield>
    <subfield code="b">ELAR</subfield>
    <subfield code="2">rusmarc</subfield>
  </datafield>
  <datafield tag="852" ind1=" " ind2=" ">
    <subfield code="a">NLR</subfield>
    <subfield code="j">57-3/498</subfield>
  </datafield>
  <datafield tag="942" ind1=" " ind2=" ">
    <subfield code="c">BOOK</subfield>
  </datafield>
  <datafield tag="980" ind1=" " ind2=" ">
    <subfield code="a">NB</subfield>
  </datafield>
  <datafield tag="995" ind1=" " ind2=" ">
    <subfield code="5">2013-10-26</subfield>
    <subfield code="b">NLR01</subfield>
    <subfield code="c">NLR01</subfield>
    <subfield code="e">RF31</subfield>
    <subfield code="f">1-2296240</subfield>
    <subfield code="k">57-3/498</subfield>
    <subfield code="o">0</subfield>
    <subfield code="r">BOOK</subfield>
    <subfield code="s">573498_</subfield>
  </datafield>
</record>
